| 000 | 01545nam0a2200385 i 4500 | ||
|---|---|---|---|
| 001 | RU\NLR\BIBL_A\011144108 | ||
| 005 | 20241101005129.0 | ||
| 010 |
_a9785917687353 _bНОРМА |
||
| 010 |
_a978-5-16-011993-9 _bИНФРА-М, print |
||
| 010 |
_a978-5-16-104628-9 _bИНФРА-М, online _9600 |
||
| 021 |
_aRU _b2016-40511 _92594 |
||
| 035 | _a(NILC)RuMoRGB-008488404 | ||
| 035 | _a(NLR Aleph) 011144108 | ||
| 090 |
_a11634732 _c11634732 |
||
| 100 | _a20160601d2016 km y0rusy50 ca | ||
| 101 | 0 | _arus | |
| 102 | _aRU | ||
| 105 | _ay|||z|||000yy | ||
| 200 | 1 |
_aЦивилизация права и развитие России _fВ. Д. Зорькин |
|
| 205 | _a2-е изд., испр. и доп. | ||
| 210 |
_aМосква _cНОРМА _cИНФРА-М _d2016 |
||
| 215 |
_a415 с. _d22 |
||
| 300 | _aНа обороте тит. л. авт.: В.Д. Зорькин, д.ю.н., проф., засл. юрист Российской Федерации | ||
| 606 | 1 |
_aПраво _xТеория _yРоссийская Федерация _92117249 _3RU\NLR\AUTH\661278917 |
|
| 610 | 0 | _aцивилизация права | |
| 610 | 0 | _aверховенство права | |
| 686 | 1 | _aХ0 | |
| 686 | 1 | _aХ62 | |
| 700 | 1 |
_aЗорькин _bВ. Д. _cд-р юрид. наук _f1943- _gВалерий Дмитриевич _9141408 _3RU\NLR\AUTH\770141444 |
|
| 801 | 0 |
_aRU _bРГБ _c20160517 _gRCR |
|
| 801 | 1 |
_aRU _bРГБ _c20160517 _2rusmarc |
|
| 942 | _cBOOK | ||
| 980 | _aNBR | ||